[Event "6. Lovsprings EMT Basis 1 1994"]
[Site "Ringsted"]
[Date "1994.05.22"]]
[Round "7"]
[White "Dongart, Dennis"]
[Black "Mott, Jens"]
[Result "1/2-1/2"]
[WhiteElo "1886"]
[BlackElo "1838"]
[PlyCount "39"]
[EventDate "1994.??.??"]

1. e4 e6 2. d4 d5 3. exd5 exd5 4. Nf3 Bd6 5. Bd3 Ne7 6. c3 Bg4 7. O-O c6 8.
Nbd2 Qc7 9. Qc2 Nd7 10. Re1 O-O-O 11. a4 Bh5 12. b4 Bg6 13. Nb3 f6 14. Nc5 Nf8
15. Ba3 Bh5 16. b5 Bxf3 17. bxc6 Bxh2+ 18. Kh1 Nxc6 19. Bf5+ Kb8 20. Rab1
1/2-1/2

[Event "6. Lovsprings EMT Basis 1 1994"]
[Site "Ringsted"]
[Date "1994.05.22"]]
[Round "7"]
[White "Hansen, Jens Hjort"]
[Black "Hansen, Morten Lyck"]
[Result "1-0"]
[WhiteElo "1807"]
[BlackElo "1826"]
[PlyCount "73"]
[EventDate "1994.??.??"]

1. e4 c5 2. Nf3 d6 3. d4 cxd4 4. c3 d3 5. Bxd3 Nc6 6. Nd4 e6 7. Be3 Nf6 8. Nd2
Be7 9. f4 e5 10. Nxc6 bxc6 11. fxe5 dxe5 12. Bc4 O-O 13. h3 Qc7 14. O-O Rb8 15.
Rb1 Rd8 16. Qe2 h6 17. Nf3 Rf8 18. Nh4 Ng4 19. Ng6 Nxe3 20. Qxe3 Bg5 21. Qc5
Bd7 22. Nxf8 Rxf8 23. Rf3 Bf4 24. Rbf1 Be8 25. h4 h5 26. g3 Bh6 27. Rf5 g6 28.
Qxe5 Qb6+ 29. R5f2 Be3 30. Kg2 Bxf2 31. Rxf2 Qd8 32. Qf6 Qxf6 33. Rxf6 Bd7 34.
Rxg6+ Kh7 35. Rd6 Be8 36. Rd8 Kg7 37. Ra8 1-0

[Event "6. Lovsprings EMT Basis 1 1994"]
[Site "Ringsted"]
[Date "1994.05.22"]]
[Round "7"]
[White "Rasmussen, Henning"]
[Black "Jensen, Karsten"]
[Result "1-0"]
[WhiteElo "1883"]
[BlackElo "1828"]
[PlyCount "65"]
[EventDate "1994.??.??"]

1. e4 c5 2. d4 cxd4 3. c3 dxc3 4. Nxc3 Nc6 5. Nf3 g6 6. Bc4 Bg7 7. O-O Nf6 8.
e5 Nh5 9. Qe2 f5 10. Rd1 a6 11. a3 b5 12. Ba2 Qc7 13. Nd5 Qb8 14. Bg5 h6 15.
Bf6 Bxf6 16. exf6 e6 17. Nh4 Kf7 18. Ne7 Nf4 19. Qe3 Nxe7 20. fxe7 Kxe7 21. g3
g5 22. Nxf5+ Kf6 23. gxf4 Kxf5 24. Bb1+ Kf6 25. Qc3+ e5 26. fxe5+ Ke7 27. Be4
Bb7 28. Qc5+ Ke8 29. Bg6+ Kd8 30. Qb6+ Qc7 31. Qf6+ Kc8 32. Qxh8+ Qd8 33. Rac1+
1-0

[Event "6. Lovsprings EMT Basis 1 1994"]
[Site "Ringsted"]
[Date "1994.05.22"]]
[Round "7"]
[White "Jorgensen, Lars"]
[Black "Christensen, Henrik"]
[Result "0-1"]
[WhiteElo "1748"]
[BlackElo "1804"]
[PlyCount "50"]
[EventDate "1994.??.??"]

1. c4 Nf6 2. Nc3 c6 3. Nf3 d5 4. e3 e6 5. d4 Bd6 6. Bd3 Nbd7 7. O-O O-O 8. Qc2
e5 9. dxe5 Nxe5 10. Nxe5 Bxe5 11. cxd5 cxd5 12. Rd1 Be6 13. f4 Bxc3 14. bxc3
Qe7 15. a4 Qc5 16. Re1 Rfe8 17. Ba3 Qc7 18. Rab1 Rac8 19. Rec1 Bd7 20. Qf2 Bxa4
21. c4 Qd7 22. Bb2 Ne4 23. Qh4 dxc4 24. Rxc4 Qxd3 25. Rxc8 Qxb1+ 0-1

[Event "6. Lovsprings EMT Basis 1 1994"]
[Site "Ringsted"]
[Date "1994.05.22"]]
[Round "7"]
[White "Madsen, Morten"]
[Black "Lindskov, Villy"]
[Result "1-0"]
[WhiteElo "1758"]
[BlackElo "1785"]
[PlyCount "125"]
[EventDate "1994.??.??"]

1. e4 d5 2. e5 Bf5 3. d4 e6 4. Nf3 Nd7 5. Be2 c5 6. O-O a6 7. c3 Ne7 8. Nh4 Bg6
9. f4 Nf5 10. Nxf5 Bxf5 11. Be3 Bxb1 12. Rxb1 g6 13. Qb3 Qc7 14. f5 c4 15. Qd1
exf5 16. Bf3 Qc6 17. b3 b5 18. bxc4 bxc4 19. g4 fxg4 20. Bxg4 Bg7 21. e6 fxe6
22. Bg5 e5 23. Qf3 Rf8 24. Qh3 Rxf1+ 25. Rxf1 Nf8 26. Qf3 Ra7 27. dxe5 Ne6 28.
Bf6 Rf7 29. Qh3 Nf8 30. Bxg7 Rxg7 31. Qf3 Qc5+ 32. Kg2 Rb7 33. Rf2 h5 34. Bh3
Nh7 35. Be6 Qe7 36. Bxd5 Qg5+ 37. Qg3 Re7 38. Bxc4 Rxe5 39. Bxa6 Rc5 40. c4 Ke7
41. Bb5 Nf6 42. Re2+ Kf7 43. Qxg5 Rxg5+ 44. Kf1 Rc5 45. a4 Ng4 46. h3 Ne5 47.
Re4 Ke6 48. Ke2 Kf5 49. Ke3 g5 50. Kd4 g4 51. hxg4+ hxg4 52. Re2 Rc7 53. Rxe5+
Kf4 54. Re4+ Kf3 55. Be8 g3 56. Bh5+ Kf2 57. Rf4+ Ke1 58. Bf3 Ra7 59. Bc6 Ra6
60. Kc5 Ra7 61. Kb6 Rg7 62. a5 Rg6 63. Kb5 1-0

[Event "6. Lovsprings EMT Basis 1 1994"]
[Site "Ringsted"]
[Date "1994.05.22"]]
[Round "7"]
[White "Flindt, Thomas"]
[Black "Larsen, Bjorn"]
[Result "0-1"]
[WhiteElo "1780"]
[BlackElo "1877"]
[PlyCount "90"]
[EventDate "1994.??.??"]

1. e4 c5 2. Nf3 Nc6 3. d4 cxd4 4. c3 d3 5. Bxd3 d6 6. Nd4 e5 7. Nxc6 bxc6 8.
Bc4 Nf6 9. Qb3 Qc7 10. f3 Rb8 11. Qc2 d5 12. exd5 cxd5 13. Bb3 Bc5 14. Bg5 Qb6
15. Bxf6 gxf6 16. Ba4+ Ke7 17. b4 Be3 18. Qd3 Ba6 19. b5 Bb7 20. Ke2 Bg1 21.
Kd2 e4 22. Qe2 Bc5 23. fxe4 dxe4 24. Kc2 e3 25. Nd2 Rhg8 26. Nf3 Be4+ 27. Kb3
a6 28. c4 axb5 29. Bxb5 Qa5 30. a3 Rgd8 31. Rhd1 Rxd1 32. Qxd1 Rd8 33. Qe1 Rd3+
34. Kc2 Rd2+ 35. Kb3 Bxf3 36. gxf3 Qd8 37. Qb1 Rd3+ 38. Kc2 Rd2+ 39. Kb3 Qd3+
40. Qxd3 Rxd3+ 41. Kc2 Rd2+ 42. Kc1 Rxh2 43. Ba4 Rh1+ 44. Bd1 e2 45. Kd2
exd1=Q+ 0-1

[Event "6. Lovsprings EMT Basis 1 1994"]
[Site "Ringsted"]
[Date "1994.05.22"]]
[Round "7"]
[White "Pedersen, Henrik Dahl"]
[Black "Larsen, Jacob"]
[Result "1-0"]
[WhiteElo "1875"]
[BlackElo "1759"]
[PlyCount "105"]
[EventDate "1994.??.??"]

1. Nf3 Nf6 2. g3 d5 3. Bg2 c5 4. c4 g6 5. O-O Bg7 6. cxd5 Nxd5 7. d4 O-O 8. Nc3
cxd4 9. Nxd5 Qxd5 10. e3 e5 11. Nxd4 e4 12. Qc2 Bf5 13. Nxf5 gxf5 14. Rd1 Qe6
15. Qc5 Na6 16. Qd5 Qxd5 17. Rxd5 Rfd8 18. Rxd8+ Rxd8 19. Kf1 Nb4 20. Bh3 Rd5
21. Ke2 Nd3 22. Rb1 Rc5 23. Bd2 Bxb2 24. f3 b6 25. Bxf5 exf3+ 26. Kxf3 Rxf5+
27. Ke4 Rh5 28. Kxd3 Be5 29. h4 Kf8 30. Rb5 f6 31. Ke4 Rh6 32. Kf3 Ke7 33. a4
Rg6 34. g4 Kd6 35. h5 Rg8 36. e4 Kc6 37. Rd5 Re8 38. Bf4 a6 39. Bxe5 fxe5 40.
g5 b5 41. axb5+ axb5 42. Kg4 b4 43. g6 hxg6 44. hxg6 b3 45. Kf5 b2 46. Rd1 Rb8
47. g7 Rg8 48. Kf6 Kc5 49. Rb1 Kd4 50. Kf7 Rb8 51. Rxb2 Ra8 52. Re2 Kd3 53. Re1
1-0